Effectiveness of investments into human resources development in Slovakia
Gespeichert in:
| 1. Verfasser: | |
|---|---|
| Format: | Buch |
| Sprache: | Englisch |
| Veröffentlicht: |
Lódź :
KSIEZY MLYN Dom Wydawniczy Michal Kolinski,
2011
|
| Schlagworte: | |
| Online-Zugang: | OBSAH |
| Tags: |
Keine Tags, Fügen Sie das erste Tag hinzu!
|
MARC
| LEADER | 00000nam a22000003a 4500 | ||
|---|---|---|---|
| 001 | stu234646 | ||
| 005 | 20230127102233.8 | ||
| 008 | 110921s2011----pl------------------eng-d | ||
| 020 | |a 978-83-7729-114-6 | ||
| 040 | |a STU |b slo | ||
| 041 | 0 | |a eng | |
| 044 | |a pl | ||
| 080 | |a 658.2 | ||
| 100 | 1 | |a Gyurák Babeľová, Zdenka, |d 1978- |4 aut |u M4000 |9 100 |U MTF Materiálovotechnologická fakulta |T MTF Ústav priemyselného inžinierstva a manažmentu |X 4411 |U M4000 |Y 84 |7 A000004411 | |
| 245 | 1 | |a Effectiveness of investments into human resources development in Slovakia | |
| 260 | |a Lódź : |b KSIEZY MLYN Dom Wydawniczy Michal Kolinski, |c 2011 | ||
| 300 | |a 95 s | ||
| 650 | 7 | |a human resources development |2 estusub | |
| 650 | 7 | |a ľudské zdroje |2 stusub | |
| 650 | 7 | |a personálny manažment |2 stusub | |
| 856 | 4 | |a https://sweb.mtf.stuba.sk/obsahy/effectiveness_of_investments_into_human_recources_develop_in |u https://sweb.mtf.stuba.sk/obsahy/effectiveness_of_investments_into_human_recources_develop_in |3 OBSAH | |
| 996 | |b 284M080729 |c M*13141-1 |l MMKN |s A |a 24 |w stu234646_0002 | ||
| 996 | |b 284M080730 |c M*13141-2 |l MMKN |s A |a 24 |w stu234646_0003 | ||
| 996 | |b 284M080731 |c M*13141-3 |l MMKN |s A |a 24 |w stu234646_0004 | ||
| 996 | |b 284M080732 |c M*13141-4 |l MMKN |s A |a 24 |w stu234646_0005 | ||
| 996 | |b 284M080733 |c M*13141-5 |l MMKN |s A |a 24 |w stu234646_0006 | ||